000 01099nam a22003497a 4500
003 CHAP
005 20220817041459.0
008 971013s1978 r 00010 d
010 _a15745
011 _a16717
035 _a20799
040 _cCHAP
090 _afolleto 4771
100 0 0 _aBevege, D. I.
_912111
245 _aNitrogen fixation associated with conifers
260 _aMelbourne :
_bCommonwelath Scientific and Industrial Research Organization. Division of Soils,
_c1978
300 _a19 p.
490 _aDivisional report
_v; 26
590 _aBATCH-UPD
_b10
_c20130110
_lUCH01
_h1800
590 _aBATCH-UPD
_b10
_c20130410
_lUCH01
_h1136
590 _aBATCH-UPD
_b10
_c20130914
_lUCH01
_h0613
590 _aCONVERSION
_b10
_c20130109
_lUCH01
_h1310
650 1 4 _aConíferas.
650 1 4 _aMicorriza.
_975486
650 1 4 _aNitrógeno
_xFijación.
_981472
700 0 _aMoore, Alan Walter.
_978055
700 0 _aRichards, B. N.
_997247
830 0 _aDivisional report
_v; 26
_933024
901 _aBK
942 _cFOLL
949 _aFolleto 4771
_bBC
_cFOLL
_d-48424
_eTS1
_i20799
_mD
_si
999 _c15745
_d15745